000 00781nam a22002177a 4500
999 _c8124
_d8124
003 AR-CdUCM
008 190322b ||||| |||| 00| 0 spa d
040 _aMUNICIPALIDAD PROVINCIAL DEL CUSCO
_cBIBLIOTECA MUNICIPAL DEL CUSCO
082 _a633.2 /
_bB87
100 _aBox, Mateo
_922937
245 _aLeguminosas de grano /
260 _aBarcelona :
_bSalvat,
_c1961.
300 _a550 páginas ;
_bIlustraciones,
_c22 cm.
440 _aAgrícola salvat.
_911424
505 _aInterés de las leguminosas de grano -- Origen de las leguminosas de grano -- Clasificación botánica de la familia leguminosas -- Cesalpinioideas ...
650 _aLeguminosas
_922938
650 _aLegumbres
_922939
650 _aProducción y consumo
_911535
942 _2ddc
_cLIBROS
945 _aacv